000 00426nam a2200181Ia 4500
001 4316
005 20260306145747.0
008 260306t2001||||xx |||||||||||||| ||spa||
041 _aESP
082 _a320.6098
_bG44T
100 _aGiddens, Anthony
_eAUT
245 0 _aLa tercera vía y sus críticos
260 _c2001
300 _a203 páginas :
_c21 cm.
650 _aGEN
654 _aCDE
942 _cLIB
_dJUS
_fJUS
_2ddc
_n
999 _c4316
_d4316